Translation: Birth - Statistics

General Stats
  • This quiz has been taken 4 times
    3 since last reset
  • The average score is 15 of 23
Answer Stats
Words Mots % Correct
Twin boys Des jumeaux
100%
Twins Des jumeaux (in general)
100%
Birth La naissance
100%
To be born Naître
100%
A delivery Un accouchement
100%
A miscarriage Une fausse couche
100%
To give away | Abandon Abandonner
67%
At term A terme
67%
Quadruplets Des quadruplés
67%
Triplets Des triplés
67%
The umbilical cord Le cordon ombilical
67%
Premature Prématuré
67%
A Caesarean (section) Une césarienne
67%
An incubator Une couveuse
67%
An episiotomy Une épisiotomie
67%
A mid-wife Une sage-femme
67%
A newborn Un nouveau-né
67%
Twin girls Des jumelles
33%
To be in labour / labor (US) Être en travail
33%
To miscarry Faire une fausse couche
33%
The due date Le terme prévu
33%
A stillborn baby Un bébé mort-né
33%
An epidural Une (anesthésie) péridurale
33%
No matching quizzes found
Score Distribution
Percent of People with Each Score
Percentile by Number Answered
Your Score History
You have not taken this quiz since the last reset